000 00847nam a2200253Ia 4500
003 OSt
005 20251209155100.0
008 210716s1995 xx 000 0 und d
020 _a8170295270
040 _cAIMIT LIBRARY
041 _aeng
082 _a006.37
_21
_bELAG
100 _aElavia, Gulzar N.
_9248511
245 _aVijay Mukhis writing visual basic controls using visual c++ /
_cBy Gulzar N Elavia, Sukumar Shetty and Ranjithkumar Gopi.
250 _a1st ed.
260 _aNew Delhi :
_bBPB Publications ,
_c1995.
300 _aii,314p. ;
_bPB
_c22 cm
650 _aControl memory management
_9248512
650 _aTypes of custom properties
_9248513
650 _aVisual basic properties and events
_9248514
700 _aShetty, Sukumar.
_9248515
700 _aGopi, Ranjitkumar.
_9248516
942 _2ddc
_cBK
_e1st
_k006.37 ELAG
999 _c183188
_d183188